Dominos: Länderflaggen und -umrisse - Statistiken

Allgemein
  • Dieses Quiz wurde 28.158 mal gespielt
  • Das Durchschnittsergebnis liegt bei 10 aus 15
Antworten auf der Karte
Die Antworten werden auf der Karte rot bzw. grün angezeigt, abhängig davon wie oft sie richtig erraten wurden.
 
Antwortstatistiken
Antwort % Korrekt
89%
81%
73%
73%
72%
70%
70%
69%
62%
62%
60%
60%
59%
55%
43%
Keine übereinstimmenden Quizze gefunden
Verteilung der Resultate
Anzahl Personen mit jedem Resultat
Perzentil nach korrekt beantworteten Fragen
Ihre Resultats-Entwicklung
Sie haben dieses Quiz noch nicht gespielt